| 000 | 01405cam a2200325 a 4500 | ||
|---|---|---|---|
| 001 | 1051341 | ||
| 003 | OSt | ||
| 005 | 20230930152817.0 | ||
| 008 | 900824r19901970enka b 001 0 eng | ||
| 010 | _a 90002685 | ||
| 020 | _a052140844X | ||
| 040 |
_aDLC _cDLC _dDLC |
||
| 050 | 0 | 0 |
_aQC175 _b.C5 1990 |
| 082 | 0 | 0 |
_a533.7 _bCHA/M |
| 100 | 1 |
_aChapman, Sydney, _d1888-1970. |
|
| 245 | 1 | 4 |
_aThe mathematical theory of non-uniform gases : _ban account of the kinetic theory of viscosity, thermal conduction, and diffusion in gases / _cSydney Chapman and T.G. Cowling. |
| 250 |
_a3rd ed. / _bprepared in co-operation with D. Burnett. |
||
| 260 |
_aCambridge ; _aNew York : _bCambridge University Press, _c1990. |
||
| 300 |
_axxiv, 422 p. : _bill. ; _c23 cm. |
||
| 440 | 0 | _aCambridge mathematical library | |
| 500 | _aReprint. Originally published: Cambridge : Cambridge University Press, 1970. | ||
| 504 | _aIncludes bibliographical references and indexes. | ||
| 650 | 0 | _aKinetic theory of gases. | |
| 700 | 1 |
_aCowling, T. G. _q(Thomas George) |
|
| 856 | 4 | 2 |
_3Publisher description _uhttp://www.loc.gov/catdir/description/cam024/90002685.html |
| 856 | 4 | 1 |
_3Table of contents _uhttp://www.loc.gov/catdir/toc/cam029/90002685.html |
| 906 |
_a7 _bcbc _corignew _d1 _eocip _f19 _gy-gencatlg |
||
| 942 |
_2ddc _cBK _h533.7 _iCHA/M _k533.7 _mCHA/M |
||
| 999 |
_c42345 _d42345 |
||